[Event "Corsica-chT"]
[Site "Ponte Leccia"]
[Date "2010.03.28"]
[Round "2"]
[White "Amy, Francois"]
[Black "Giudicelli, Bernard"]
[Result "1/2-1/2"]
[WhiteElo "1624"]
[BlackElo "1670"]
[PlyCount "49"]
[EventDate "2010.03.28"]
[EventType "team-tourn"]
[EventRounds "9"]
[EventCountry "FRA"]
[SourceTitle "EXT 2012"]
[Source "ChessBase"]
[SourceDate "2011.11.24"]
[SourceVersion "1"]
[SourceVersionDate "2011.11.24"]
[SourceQuality "1"]

1. e4 e5 2. Nf3 Nc6 3. Bb5 a6 4. Ba4 Nf6 5. 0-0 d6 6. Re1 Bd7 7. c3 Be7 8. d4 b5 9. Bc2 0-0 10. h3 h6 11. Nbd2 Re8 12. Nf1 Bf8 13. Bd2 Na5 14. b3 Nb7 15. b4 Rc8 16. a4 c5 17. bxc5 exd4 18. cxd4 dxc5 19. axb5 Bxb5 20. d5 c4 21. Bc3 Nc5 22. Ng3 Nd3 23. Re2 Nf4 24. Rd2 Nd3 25. Re2 1/2-1/2

[Event "Corsica-chT"]
[Site "Porticcio"]
[Date "2007.03.18"]
[Round "2.5"]
[White "Amy, Francois"]
[Black "Clementi, Charles"]
[Result "1-0"]
[WhiteElo "1499"]
[BlackElo "1390"]
[PlyCount "43"]
[EventDate "2007.03.07"]
[EventType "team"]
[EventRounds "9"]
[EventCountry "FRA"]
[SourceTitle "CBM 117 Extra"]
[Source "ChessBase"]
[SourceDate "2007.05.09"]
[SourceVersion "1"]
[SourceVersionDate "2007.05.09"]
[SourceQuality "1"]
[WhiteTeam "Balagna CC II"]
[BlackTeam "Tour du Nebbiu"]
[WhiteTeamCountry "FRA"]
[BlackTeamCountry "FRA"]

1. e4 Nf6 2. Nc3 d5 3. e5 Ne4 4. d4 Nxc3 5. bxc3 e6 6. Nf3 Be7 7. c4 0-0 8. Bd3 c5 9. c3 Nc6 10. 0-0 b6 11. Qc2 g6 12. Bh6 Re8 13. Qd2 Bf8 14. Bxf8 Rxf8 15. Qh6 Ba6 16. Ng5 Qxg5 17. Qxg5 Rad8 18. h4 Kg7 19. Qf6+ Kh6 20. g4 Rg8 21. Be2 Bxc4 22. g5# 1-0